000 00386nam a2200157Ia 4500
008 230917s9999||||xx |||||||||||||| ||und||
020 _cRS90
040 _e15416
_aMAIN
041 _aEnglish
082 _a301.441 G96N
100 _aGurchain Singh
245 0 _aNew middle class in India: A sociological analysis
260 _aJaipur
_bRawat
_c1985
300 _a100 p.
942 _cBK
999 _c47298
_d47298